My All - Mariah Carey - All Lyrics - Statistics

General Stats
  • This quiz has been taken 115 times
  • The average score is 187 of 218
Answer Stats
Answer % Correct
you
100%
you,
100%
a
99%
Ah,
99%
ah-ah
99%
I
99%
mm-mm
99%
my
99%
Nah
99%
nah,
99%
Nah,
99%
nah
99%
to
99%
all
97%
love
96%
on
96%
can
94%
give
94%
in
94%
just
94%
night
94%
with
94%
your
94%
have
93%
more
93%
can't
92%
go
92%
me
92%
me?
92%
of
92%
one
92%
feel
90%
I'd
90%
mine
90%
then
90%
body
89%
life
88%
next
88%
'Cause
86%
I'm
85%
so
85%
am
83%
be
83%
thinkin'
83%
heart
82%
it's
82%
tonight
82%
If
81%
the
81%
wrong
79%
for
78%
and
76%
And
76%
by
76%
let
76%
livin'
76%
risk
75%
won't
75%
Baby,
71%
memory
71%
side
71%
right
69%
our
68%
see
67%
without
67%
sleepless
63%
eyes
60%
solitude
60%
song
58%
you're
56%
I've
53%
like
53%
mind
53%
through
53%
star
49%
clearly
47%
drowned
46%
pull
46%
Imagining
44%
wishing
44%
distant
43%
looking
43%
far,
42%
emblazoned
35%
Vividly
31%
yet,
11%
No matching quizzes found
Score Distribution
Percent of People with Each Score
Percentile by Number Answered
Your Score History
You have not taken this quiz